| 000 | 02499cam a22003734a 4500 | ||
|---|---|---|---|
| 001 | 16998349 | ||
| 005 | 20170105102919.0 | ||
| 008 | 111013s2012 nyua b 001 0 eng | ||
| 010 | _a 2011042920 | ||
| 020 | _a9780230621237 (hardback) | ||
| 020 | _a0230621236 (hardback) | ||
| 035 | _a(OCoLC)ocn733231302 | ||
| 040 |
_aDLC _beng _cDLC _dYDX _dBTCTA _dYDXCP _dBDX _dCDX _dVP@ _dBWX _dJ2H _dOVV _dDLC |
||
| 042 | _apcc | ||
| 043 | _anwcu--- | ||
| 050 | 0 | 0 |
_aJL1009.5.I6 _bL37 2012 |
| 082 | 0 | 0 |
_a327.12730729109/046 _223 |
| 084 |
_aHIS027110 _aPOL005000 _aHIS041010 _2bisacsh |
||
| 100 | 1 | _aLatell, Brian. | |
| 245 | 1 | 0 |
_aCastro's secrets : _bthe CIA and Cuba's intelligence machine / _cBrian Latell. |
| 250 | _a1st ed. | ||
| 260 |
_aNew York : _bPalgrave Macmillan, _c2012. |
||
| 300 |
_axi, 272 p. : _bill. ; _c25 cm. |
||
| 504 | _aIncludes bibliographical references and index. | ||
| 505 | 0 | _aBetter than us -- On Fidel's orders -- Rooftop stories -- Come to Cuba -- At daggers drawn -- Tyrannicide -- Mouth of the lion -- Whiplash -- The big job -- Great minds -- Conspiracy of silence -- Afterword. | |
| 520 | _a"In this riveting Cold War history, highly acclaimed author Brian Latell offers us a new and surprising look at Fidel Castro. Latell draws his narrative on personal interviews with high level defectors from Cuba's intelligence, many of whom have not spoken out for over nearly five decades. The result is a vivid and revelatory account that revises our understanding of how Fidel operated, what his goals were, and how he imagined the future for his tiny island nation. Latell takes us from from the crimes Fidel allegedly committed as a youth in the anti-Battista movement, to how quickly he built up an intelligence system that rivaled the Soviet Union's KGB and Britain's M15 in effectiveness, and how that translated into a feud with JFK's administration and the CIA, and the ultimate confrontation during the Cuban Missile Crises that brought the world to the brink of a nuclear holocaust"-- | ||
| 600 | 1 | 0 |
_aCastro, Fidel, _d1926- |
| 610 | 1 | 0 |
_aUnited States. _bCentral Intelligence Agency _zCuba. |
| 650 | 0 |
_aIntelligence service _zCuba _xHistory _y20th century. |
|
| 856 | 4 | 2 |
_3Cover image _uhttp://www.netread.com/jcusers2/bk1388/237/9780230621237/image/lgcover.9780230621237.jpg |
| 906 |
_a7 _bcbc _corignew _d1 _eecip _f20 _gy-gencatlg |
||
| 942 |
_2ddc _cBK |
||
| 999 |
_c15484 _d15484 |
||